000 00384nam a2200169Ia 4500
001 9627
003 IN-NITTTR
005 20251114233049.0
008 251113s9999||||xx |||||||||||||| ||eng||
040 _beng
040 _cIN-NITTTR
041 _aeng
082 _a621.3133 S99A
100 _aSay, M. G.
245 0 _aAlternating current machines. /
_cSay, M. G.
942 _2ddc
_cBK
999 _c12264
_d12264